| 000 | 00674nam a2200205 i 4500 | ||
|---|---|---|---|
| 001 | 169774 | ||
| 003 | ES-MaACL | ||
| 005 | 20250930063149.0 | ||
| 008 | 081125s1966 sp |||| | spa d | ||
| 080 | _a811.134.2'342.9 | ||
| 100 |
_aNavarro Tomás, Tomás, _d1884-1979 _9226508 |
||
| 245 | 1 | 0 |
_aManual de entonación española / _cT. Navarro Tomás. |
| 250 | _a3ª ed. | ||
| 260 |
_aMéxico : _bColección Málaga, _c1966 ( _fLitoarte) |
||
| 300 |
_a306 p. ; _c17 cm. |
||
| 500 | _aÍndice. | ||
| 650 | 4 |
_aLengua española- _xEntonación. _9138960 |
|
| 852 | 4 |
_aES-MaACL _jE-12290 _9R.190484 _z- Biblioteca Jacinto Martínez Lacalle |
|
| 999 |
_c169774 _d169774 |
||